[Event "Malopolska Region-chB"]
[Site "Krakow"]
[Date "2021.06.06"]
[Round "7"]
[White "Gajzner, Ryszard"]
[Black "Ciba, Przemyslaw"]
[Result "0-1"]
[WhiteElo "1625"]
[BlackElo "1937"]
[PlyCount "68"]
[EventDate "2021.06.03"]
[EventType "swiss"]
[EventRounds "7"]
[EventCountry "POL"]
[SourceTitle "EXT 2023"]
[Source "ChessBase"]
[SourceDate "2022.10.05"]
[SourceVersion "1"]
[SourceVersionDate "2022.10.05"]
[SourceQuality "1"]

1. e4 c5 2. Nf3 d6 3. Bb5+ Nc6 4. h3 Qb6 5. Nc3 e6 6. 0-0 Bd7 7. Re1 Be7 8. d3 Rd8 9. Bxc6 bxc6 10. b3 e5 11. Nd2 Nf6 12. Nc4 Qb8 13. f4 0-0 14. fxe5 dxe5 15. Qf3 Ne8 16. Qg3 f6 17. Be3 Nc7 18. Na4 Ne6 19. Qf2 f5 20. exf5 Nd4 21. Bxd4 cxd4 22. Nxe5 Bd6 23. Qxd4 Be8 24. Qc4+ Kh8 25. Nxc6 Bxc6 26. Qxc6 Rc8 27. Qf3 Rxc2 28. Re2 Rxe2 29. Qxe2 Rxf5 30. Re1 Qf8 31. g4 Rf3 32. Kg2 Rg3+ 33. Kh1 Rxh3+ 34. Kg2 Rh2+ 0-1

[Event "POL-ch Teachers"]
[Site "Krakow"]
[Date "2012.??.??"]
[Round "5"]
[White "Ciba, Przemyslaw"]
[Black "Bus, Konrad"]
[Result "0-1"]
[WhiteElo "1947"]
[BlackElo "1994"]
[PlyCount "110"]
[EventDate "2012.??.??"]
[EventType "swiss"]
[EventRounds "9"]
[EventCountry "POL"]
[SourceTitle "EXT 2014"]
[Source "ChessBase"]
[SourceDate "2013.11.20"]
[SourceVersion "1"]
[SourceVersionDate "2013.11.20"]
[SourceQuality "1"]

1. Nf3 f5 2. g3 Nf6 3. Bg2 g6 4. c4 Bg7 5. Nc3 0-0 6. d3 d6 7. Bg5 h6 8. Bxf6 Bxf6 9. Qd2 Bg7 10. e4 e6 11. h4 Nc6 12. exf5 Rxf5 13. 0-0 Bd7 14. Qe3 Qf8 15. a3 Re8 16. Rad1 a6 17. d4 Bc8 18. Ne2 e5 19. d5 Ne7 20. Nh2 Rf7 21. g4 h5 22. gxh5 Bh6 23. Qc3 gxh5 24. Ng3 Bf4 25. Qc2 Qh6 26. Kh1 Nf5 27. Nxf5 Bxf5 28. Qb3 Qf6 29. Nf3 Rg7 30. Rg1 e4 31. Ng5 Bxg5 32. hxg5 Qxg5 33. Bh3 Qh4 34. Rxg7+ Kxg7 35. Rg1+ Kh7 36. Rg3 Rg8 37. Rxg8 Kxg8 38. Kg2 Bxh3+ 39. Qxh3 Qxh3+ 40. Kxh3 Kg7 41. Kg3 e3 42. fxe3 Kf6 43. Kf4 a5 44. b3 b6 45. a4 Kg6 46. Kg3 Kf5 47. Kh4 Ke4 48. Kxh5 Kxe3 49. Kg6 Kd4 50. Kf6 Kc3 51. Ke7 Kxb3 52. Kd7 Kxc4 53. Kxc7 Kc5 54. Kb7 b5 55. axb5 Kxb5 0-1

[Event "POL-ch Teachers"]
[Site "Krakow"]
[Date "2012.??.??"]
[Round "7"]
[White "Ciba, Przemyslaw"]
[Black "Olszowski, Andrzej"]
[Result "1-0"]
[WhiteElo "1947"]
[BlackElo "1746"]
[PlyCount "91"]
[EventDate "2012.??.??"]
[EventType "swiss"]
[EventRounds "9"]
[EventCountry "POL"]
[SourceTitle "EXT 2014"]
[Source "ChessBase"]
[SourceDate "2013.11.20"]
[SourceVersion "1"]
[SourceVersionDate "2013.11.20"]
[SourceQuality "1"]

1. Nf3 d5 2. e3 Nf6 3. b3 Bg4 4. Be2 c5 5. Bb2 e6 6. 0-0 Nc6 7. d4 Be7 8. Nbd2 0-0 9. Ne5 Nxe5 10. dxe5 Bxe2 11. Qxe2 Nd7 12. c4 Nb6 13. Rad1 Qc7 14. Qg4 Rad8 15. cxd5 Rxd5 16. Ne4 Rfd8 17. Nf6+ Bxf6 18. exf6 g6 19. Rxd5 Rxd5 20. h4 Qd8 21. e4 Rd2 22. Qg5 Rd1 23. Rxd1 Qxd1+ 24. Kh2 Qd6+ 25. Be5 Qf8 26. Qf4 Nd7 27. Bd6 Qd8 28. e5 Kh8 29. g3 b6 30. Qh6 Qg8 31. Bc7 Qf8 32. Qd2 Qc8 33. Qd6 Kg8 34. Kg1 h6 35. Qd2 Kh7 36. Bd6 b5 37. h5 c4 38. hxg6+ fxg6 39. bxc4 bxc4 40. Qc3 Qc6 41. Ba3 Nb6 42. Qb4 Qd7 43. Qe7+ Kh8 44. f7 Qd1+ 45. Kh2 Nd7 46. Qe8+ 1-0

[Event "POL-ch Teachers"]
[Site "Krakow"]
[Date "2012.??.??"]
[Round "8"]
[White "Staroniewicz, Janusz"]
[Black "Ciba, Przemyslaw"]
[Result "0-1"]
[WhiteElo "1701"]
[BlackElo "1947"]
[PlyCount "108"]
[EventDate "2012.??.??"]
[EventType "swiss"]
[EventRounds "9"]
[EventCountry "POL"]
[SourceTitle "EXT 2014"]
[Source "ChessBase"]
[SourceDate "2013.11.20"]
[SourceVersion "1"]
[SourceVersionDate "2013.11.20"]
[SourceQuality "1"]

1. e4 g6 2. d4 Bg7 3. Nf3 d6 4. Bc4 Nh6 5. 0-0 Bg4 6. c3 e6 7. h3 Bxf3 8. Qxf3 0-0 9. Re1 c6 10. Nd2 d5 11. Bd3 f5 12. e5 Nd7 13. Qg3 Nf7 14. Nf3 c5 15. h4 c4 16. Bc2 Re8 17. h5 Nf8 18. Ng5 Nxg5 19. Bxg5 Qd7 20. hxg6 hxg6 21. f4 Kf7 22. Kf2 Nh7 23. Rh1 Nxg5 24. Qxg5 Rh8 25. g4 Qe7 26. gxf5 gxf5 27. Qxe7+ Kxe7 28. Rag1 Rxh1 29. Rxh1 Kf7 30. Bd1 b5 31. a3 a5 32. Bh5+ Kf8 33. Kf3 Rb8 34. Ra1 Bh6 35. Ke3 Rb7 36. Rg1 Rb6 37. Rg6 Bg7 38. Rg1 b4 39. axb4 axb4 40. Rg6 b3 41. Rg2 Ra6 42. Rg6 Kg8 43. Kf3 Kh7 44. Ke3 Bf8 45. Kf3 Ba3 46. bxa3 b2 47. Rg1 Rxa3 48. Rb1 Rxc3+ 49. Ke2 Rh3 50. Kd1 Rxh5 51. Rxb2 Rh1+ 52. Kc2 Rh2+ 53. Kc3 Rxb2 54. Kxb2 Kh6 0-1

[Event "POL-ch Teachers"]
[Site "Krakow"]
[Date "2010.06.04"]
[Round "4.8"]
[White "Michalik, Marek"]
[Black "Ciba, Przemyslaw"]
[Result "0-1"]
[WhiteElo "1824"]
[BlackElo "1942"]
[PlyCount "56"]
[EventDate "2010.06.03"]
[EventType "swiss"]
[EventRounds "9"]
[EventCountry "POL"]
[SourceTitle "EXT 2023"]
[Source "ChessBase"]
[SourceDate "2022.10.05"]
[SourceVersion "1"]
[SourceVersionDate "2022.10.05"]
[SourceQuality "1"]

1. e4 g6 2. d4 Bg7 3. f4 Nh6 4. Nf3 c5 5. Be3 Ng4 6. Bg1 d6 7. Nc3 0-0 8. Qd2 b6 9. 0-0-0 Nd7 10. h3 Ngf6 11. e5 Ne8 12. g4 Bb7 13. Bg2 cxd4 14. Bxd4 Rc8 15. h4 Nc5 16. h5 Ne4 17. Nxe4 Bxe4 18. Ng5 Rxc2+ 19. Qxc2 Bxc2 20. Kxc2 Qc8+ 21. Kb1 Qxg4 22. hxg6 hxg6 23. Rdg1 Qxf4 24. Be4 dxe5 25. Bc3 Nf6 26. Bc2 Nd5 27. Be1 Rc8 28. Rh3 e4 0-1

[Event "POL-ch Teachers"]
[Site "Krakow"]
[Date "2010.06.04"]
[Round "3.6"]
[White "Slabek, Grzegorz"]
[Black "Ciba, Przemyslaw"]
[Result "1-0"]
[WhiteElo "2037"]
[BlackElo "1942"]
[PlyCount "145"]
[EventDate "2010.06.03"]
[EventType "swiss"]
[EventRounds "9"]
[EventCountry "POL"]
[SourceTitle "EXT 2023"]
[Source "ChessBase"]
[SourceDate "2022.10.05"]
[SourceVersion "1"]
[SourceVersionDate "2022.10.05"]
[SourceQuality "1"]

1. d4 Nf6 2. Nf3 d5 3. c4 e6 4. Nc3 Be7 5. Qb3 0-0 6. Bg5 dxc4 7. Qxc4 Nbd7 8. e3 Nb6 9. Qb3 Ng4 10. Bxe7 Qxe7 11. h3 Nf6 12. Bd3 Rd8 13. Rc1 c5 14. Qa3 Qf8 15. Ke2 c4 16. Qxf8+ Kxf8 17. Bc2 Nbd5 18. Ne4 b5 19. Nxf6 gxf6 20. Be4 Bb7 21. Nd2 f5 22. Bf3 Rac8 23. a3 Rd7 24. a4 Ba6 25. Bxd5 exd5 26. axb5 Bxb5 27. Rc3 a5 28. Rhc1 a4 29. Kf3 Rb8 30. Kf4 Re7 31. R1c2 Bd7 32. Ra3 f6 33. Nb1 Rb4 34. Nc3 Bc6 35. Kxf5 Kf7 36. Kf4 Reb7 37. Ra2 Rd7 38. f3 Kg6 39. g4 Rd8 40. Re2 Rd7 41. Rd2 Re7 42. e4 Rd7 43. exd5 Bxd5 44. Rxa4 Rxa4 45. Nxa4 Kf7 46. Nb6 Rd6 47. Nxd5 Rxd5 48. Ke4 Ke6 49. Rc2 Rb5 50. Rxc4 Rxb2 51. Rc6+ Kf7 52. Kf5 Rb5+ 53. Rc5 Rb3 54. Rc7+ Ke8 55. f4 Rxh3 56. Kxf6 Rh6+ 57. Kf5 Kf8 58. g5 Rh4 59. d5 Ke8 60. d6 Kd8 61. Ke5 Rh1 62. f5 Re1+ 63. Kf6 Rd1 64. Rxh7 Rxd6+ 65. Ke5 Ra6 66. g6 Ke8 67. f6 Ra5+ 68. Kf4 Ra4+ 69. Kg5 Ra5+ 70. Kh6 Rf5 71. Kg7 Kd7 72. f7 Ke7 73. Rh8 1-0

[Event "Krakow op-C"]
[Site "Krakow"]
[Date "2006.01.03"]
[Round "8"]
[White "Korcz, Daniel"]
[Black "Ciba, Przemyslaw"]
[Result "0-1"]
[WhiteElo "1600"]
[BlackElo "1600"]
[PlyCount "64"]
[EventDate "2005.12.27"]
[EventType "swiss"]
[EventRounds "9"]
[EventCountry "POL"]
[SourceTitle "CBM 110 Extra"]
[Source "ChessBase"]
[SourceDate "2006.03.10"]
[SourceVersion "2"]
[SourceVersionDate "2006.03.10"]
[SourceQuality "1"]

1. e4 c5 2. Nf3 e6 3. d4 cxd4 4. Nxd4 Nf6 5. Bd3 Be7 6. 0-0 d6 7. c4 e5 8. Ne2 0-0 9. Nbc3 Bg4 10. Be3 Bh5 11. f3 h6 12. Nd5 Nxd5 13. cxd5 Nd7 14. Rc1 Bg5 15. Qd2 Nc5 16. Bxg5 hxg5 17. g4 Bg6 18. Kh1 Rc8 19. b4 Nxd3 20. Qxd3 Qb6 21. a3 f6 22. Ng3 Rfd8 23. Qd2 Qa6 24. Rxc8 Rxc8 25. Rc1 Rc4 26. Rxc4 Qxc4 27. Qe3 b6 28. Nf5 Qf1+ 29. Qg1 Qxf3+ 30. Qg2 Qxa3 31. Nxd6 Qxb4 32. Nf5 Qe1+ 0-1

[Event "Krakow op-C"]
[Site "Krakow"]
[Date "2005.12.28"]
[Round "2"]
[White "Majchrowicz, Jan"]
[Black "Ciba, Przemyslaw"]
[Result "1/2-1/2"]
[WhiteElo "1600"]
[BlackElo "1600"]
[PlyCount "100"]
[EventDate "2005.12.27"]
[EventType "swiss"]
[EventRounds "9"]
[EventCountry "POL"]
[SourceTitle "CBM 110 Extra"]
[Source "ChessBase"]
[SourceDate "2006.03.10"]
[SourceVersion "2"]
[SourceVersionDate "2006.03.10"]
[SourceQuality "1"]

1. e4 c5 2. Bc4 e6 3. Nf3 Be7 4. c3 a6 5. h3 Nf6 6. d3 b5 7. Bb3 Bb7 8. 0-0 h6 9. e5 Nd5 10. c4 Nb6 11. Bd2 Nc6 12. Bf4 Qc7 13. Re1 Nd4 14. Nbd2 b4 15. Nxd4 cxd4 16. Qg4 g5 17. Bh2 Bc5 18. a4 a5 19. Ne4 Bxe4 20. Qxe4 0-0-0 21. Bd1 Qc6 22. Qg4 d6 23. Bf3 Qd7 24. b3 Rhf8 25. Rac1 f5 26. exf6 Rxf6 27. Qh5 Qe7 28. Bc6 Rdf8 29. f3 Kc7 30. Bb5 Qh7 31. h4 Qxd3 32. hxg5 hxg5 33. Qxg5 Qh7 34. Qxc5+ Kb7 35. Qc6+ Ka7 36. Qxd6 e5 37. Qxe5 R6f7 38. c5 Na8 39. Qxd4 Rh8 40. Qd6 Rc7 41. Qa6+ Kb8 42. Re8+ Rxe8 43. Bxe8 Qe7 44. Rd1 Qxe8 45. Qxa5 Kb7 46. Qxb4+ Ka7 47. Bxc7 Nxc7 48. Qb6+ Ka8 49. Qxc7 Qe1+ 50. Kh2 Qh4+ 1/2-1/2